000 00460nam a22001937a 4500
003 MPLRDC
005 20220104144132.0
008 210129b ||||| |||| 00| 0 eng d
020 _a957-754-380-4
082 _a536.21 DRK
100 _a邓荣坤
245 _a客家话的智慧
_c
250 _a初版
260 _a
_b国际村文库书店
_c1997
300 _b
490 _a当代作家精品. 28
650 _a客家
942 _cBK
_o536.21 DRK
999 _c46708
_d46698